000 01035cab a2200361 4500
001 WB3111-21
008 090401t1995 xxu||||| |||| 00| 0 eng d
035 _a(Sirsi) u29190
041 _aeng
245 _aPlanned futures contract
260 _c1995
350 _a0
490 _aEuropean
_v17-23 March 1995, 23(1)
520 _aDiscusses a planned futures contract for property, using IPD`s monthly indices to gauge the value of property-based futures contracts.
650 _aCAPITAL VALUES
650 _aDERIVATIVES
650 _aFUND MANAGEMENT
650 _aFUTURES CONTRACTS
650 _aINVESTMENT MARKET
650 _aINVESTMENT PROPERTY DATABANK
650 _aPRICE MOVEMENTS
650 _aPRIVATE PLACEMENT
650 _aPROPERTY FUNDS
650 _aPROPERTY FUTURES
650 _aPROPERTY MARKET
650 _aREITS
650 _aREITS
650 _aRENTAL VALUES
650 _aSECURITISATION
690 _aPROPERTY-PROPERTY FINANCE AND INVESTMENT
942 _n0
948 _c04/03/1997
999 _c19652
_d19652